Titanic multiple choice quiz - Statistics

General Stats
  • This quiz has been taken 18 times
  • The average score is 6 of 15
Answer Stats
Question Answer % Correct
Who protagonizes rose in the movie titanic Kate Winslet
89%
From the iceberg impact, to titanic being completely submerged, how much time had passed? 2h 40 mins
78%
Where did the titanic depart from Southampton
78%
How many functional chimneys did the titanic have 3
72%
How many people were on the titanic on its demise 2200
61%
Wich novel predicted the titanic disaster The Wreck of the Titan
56%
When the titanic sank, wich was the country/territory closest to it Canada
50%
How long was titanics journey? 4 days
44%
How deep are the titanic remains 3000-4000 meters
28%
The titanic weighted approximately how many blue whales 615
22%
Wich one of this facts is NOT true There were only fifteen bathtubs to more then 700 third class passengers
22%
Wich of this facts is false The titanic was constructed in whats todays ireland
17%
Wich of this four groups had a lower survivor rate on the titanic 1st class man
11%
Milvinia Dean was the last living survivor of the titanic, wich of this facts about her isn't true Her family were irish immigrating to the US
11%
Wich one fo this statments is true Titanic was the first ever passenger liner to use the SOS code
6%
No matching quizzes found
Score Distribution
Percent of People with Each Score
Percentile by Number Answered
Your Score History
You have not taken this quiz